BLIND GUIDE, A SMART INDOOR NAVIGATION SYSTEM FOR BLIND PEOPLE USING WIFI POSITIONING AND BLE-BEACONS (Record no. 173156)
[ view plain ]
| 000 -LEADER | |
|---|---|
| fixed length control field | 00556nam a2200157 4500 |
| 082 ## - DEWEY DECIMAL CLASSIFICATION NUMBER | |
| Classification number | BESE-3 TAN |
| 100 ## - MAIN ENTRY--PERSONAL NAME | |
| Personal name | MUHAMMAD MAKSHIF TANVEER |
| 245 ## - TITLE STATEMENT | |
| Title | BLIND GUIDE, A SMART INDOOR NAVIGATION SYSTEM FOR BLIND PEOPLE USING WIFI POSITIONING AND BLE-BEACONS |
| 260 ## - PUBLICATION, DISTRIBUTION, ETC. | |
| Place of publication, distribution, etc. | ISLAMABAD |
| Name of publisher, distributor, etc. | NUST-SEECS |
| Date of publication, distribution, etc. | 2016 - |
| 300 ## - PHYSICAL DESCRIPTION | |
| Extent | 46p. |
| Accompanying material | CD INCLUDES |
| 563 ## - BINDING INFORMATION | |
| Binding note | HB |
| 856 ## - Uniform Resource Identifier | |
| Uniform Resource Identifier | <a href="http://10.250.8.41:8080/xmlui/handle/123456789/6809">http://10.250.8.41:8080/xmlui/handle/123456789/6809</a> |
| 942 ## - ADDED ENTRY ELEMENTS (KOHA) | |
| Source of classification or shelving scheme | |
| Koha item type | Thesis |
| Withdrawn status | Lost status | Source of classification or shelving scheme | Damaged status | Not for loan | Permanent Location | Current Location | Shelving location | Date acquired | Source of acquisition | Full call number | Barcode | Date last seen | Price effective from | Koha item type |
|---|---|---|---|---|---|---|---|---|---|---|---|---|---|---|
| WITHDRAWN | Central Library (CL) | Central Library (CL) | Thesis | 01/19/2017 | NUST-SEECS | BESE-3 TAN | SEECSP01967 | 01/19/2017 | 01/19/2017 | Thesis |
